R v Somerset CC and ARC Southern Ltd ex p. Richard Dixon (Record no. 51636)
[ view plain ]
| 000 -LEADER | |
|---|---|
| fixed length control field | 01128cab a2200217 4500 |
| 001 - CONTROL NUMBER | |
| control field | X87495 |
| 008 - FIXED-LENGTH DATA ELEMENTS--GENERAL INFORMATION | |
| fixed length control field | 090401t1997 xxu||||| |||| 00| 0 eng d |
| 035 ## - SYSTEM CONTROL NUMBER | |
| System control number | (Sirsi) u81893 |
| 041 ## - LANGUAGE CODE | |
| Language code of text/sound track or separate title | eng |
| 245 ## - TITLE STATEMENT | |
| Title | R v Somerset CC and ARC Southern Ltd ex p. Richard Dixon |
| 260 ## - PUBLICATION, DISTRIBUTION, ETC. | |
| Date of publication, distribution, etc. | 1997 |
| 350 ## - PRICE (NR) (BK AM CF MU VM SE) [OBSOLETE] | |
| Price | 0 |
| 490 ## - SERIES STATEMENT | |
| Series statement | Journal of Planning and Environment Law |
| Volume/sequential designation | [1997] JPL 1030-1041(12) |
| 520 ## - SUMMARY, ETC. | |
| Summary, etc. | QBD 18 April 1997. Mineral operation - application to extend existing quarry - refusal of permission by SoS following call in - further application for planning permission to extend - resolution to grant planning permission subject to prior completion of planning obligations - application for leave to apply for judicial review - alleged failure to consider earlier decision letter and Circular 16/91 - allegations of delay and lack of `sufficient interest` - review of judicial consideration of `sufficient interest - application dismissed. (Headnote from journal). |
| 650 ## - SUBJECT ADDED ENTRY--TOPICAL TERM | |
| Topical term or geographic name entry element | MINING |
| 650 ## - SUBJECT ADDED ENTRY--TOPICAL TERM | |
| Topical term or geographic name entry element | PLANNING PERMISSION |
| 650 ## - SUBJECT ADDED ENTRY--TOPICAL TERM | |
| Topical term or geographic name entry element | QUARRY |
| 690 ## - LOCAL SUBJECT ADDED ENTRY--TOPICAL TERM (OCLC, RLIN) | |
| Topical term or geographic name as entry element | MINING AND MINERALS-CASE LAW |
| 942 ## - ADDED ENTRY ELEMENTS (KOHA) | |
| Suppress in OPAC | 0 |
| 948 ## - LOCAL PROCESSING INFORMATION (OCLC); SERIES PART DESIGNATOR (RLIN) | |
| c (OCLC) | 04/11/1997 |
| Withdrawn status | Lost status | Source of classification or shelving scheme | Damaged status | Not for loan | Home library | Current library | Shelving location | Date acquired | Total Checkouts | Full call number | Barcode | Date last seen | Copy number | Price effective from | Koha item type |
|---|---|---|---|---|---|---|---|---|---|---|---|---|---|---|---|
| Dewey Decimal Classification | London | London | Journal article | 14/09/1999 | X87495 | 81893-1001 | 06/08/2019 | 1 | 06/08/2019 | Law report |